000 00743nam a2200241 i 4500
003 IT-RoINE
005 20200323072456.0
008 800926s1980 sp r d r d |0| |
020 _a8432120103
040 _aIBH
_cIT-RoINE
_dIT-RoINE
100 1 _95789
_aSuárez Fernández, Luis,
_d1924-
245 1 0 _aJudios españoles en la edad media /
_cLuis Suárez Fernández.
260 _aMadrid :
_bRialp,
_c1980.
300 _a286 p. ;
_c20 cm.
336 _2rdacontent
_atext
337 _2rdamedia
_aunmediated
338 _2rdacarrier
_avolume
490 1 _aLibros de historia ;
_v2
504 _aBibliografía: p. 277-286.
650 4 _911639
_aJudíos
_zEspaña
_ySiglos 5o.-15o.
830 0 _911052
_aLibros de historia (Rialp) ;
_v2
942 _cMTS
999 _c5468
_d5468